Posilování principu subsidiarity jako jeden z faktorů růstu vlivu regionů v rozhodovacích procesech Evropské unie

Prezentácia regionálných záujmov v Európskej únii. Ich postavenie v procese rozhodovania európskych inštitúcií. Výsledky empirického prieskumu organizácie The Assembly of European Regions v spolupráci s BAK, ktorý na základe indexu decentralizácie skúmal väzbu medzi autonómiou regiónov a ekonomickým...

Ausführliche Beschreibung

Gespeichert in:
Bibliographische Detailangaben
1. Verfasser: Laboutková, Šárka
Format: Buchkapitel
Sprache:Tschechisch
Schlagworte:
Tags: Tag hinzufügen
Keine Tags, Fügen Sie das erste Tag hinzu!

MARC

LEADER 00000naa a2200000 4500
001 0152612
005 20231208072517.4
041 0 |a cze 
044 |a SK 
245 1 0 |a Posilování principu subsidiarity jako jeden z faktorů růstu vlivu regionů v rozhodovacích procesech Evropské unie  |c Šárka Laboutková 
520 |a Prezentácia regionálných záujmov v Európskej únii. Ich postavenie v procese rozhodovania európskych inštitúcií. Výsledky empirického prieskumu organizácie The Assembly of European Regions v spolupráci s BAK, ktorý na základe indexu decentralizácie skúmal väzbu medzi autonómiou regiónov a ekonomickým rastom. 
610 2 0 |a subsidiarita 
610 2 0 |a Európska únia 
610 2 0 |a procesy rozhodovacie 
610 2 0 |a regióny 
610 2 0 |a záujmy ekonomické 
100 1 |a Laboutková, Šárka